[Event "Jesenik op-B"]
[Site "Jesenik"]
[Date "2023.08.22"]
[Round "4"]
[White "Cyron, Karel"]
[Black "Janecek, Miroslav1111"]
[Result "0-1"]
[WhiteElo "1659"]
[BlackElo "1789"]
[PlyCount "40"]
[EventDate "2023.08.19"]
[EventType "swiss"]
[EventRounds "9"]
[EventCountry "CZE"]
[SourceTitle "EXT 2024"]
[Source "ChessBase"]
[SourceDate "2023.10.10"]
[SourceVersion "1"]
[SourceVersionDate "2023.10.10"]
[SourceQuality "1"]

1. e4 c5 2. Nf3 g6 3. c4 Bg7 4. d4 cxd4 5. Nxd4 Nf6 6. Nc3 Nc6 7. Nc2 d6 8. Be2 0-0 9. 0-0 Nd7 10. Qd2 Nc5 11. f3 a5 12. Kh1 f5 13. b3 fxe4 14. fxe4 Rxf1+ 15. Bxf1 Qf8 16. Kg1 Nb4 17. Rb1 Nxc2 18. Qxc2 Bd4+ 19. Be3 Bxe3+ 20. Kh1 Be6 0-1

[Event "Klatovy op-B 24th"]
[Site "Klatovy"]
[Date "2018.07.07"]
[Round "8"]
[White "Juhanak, Daniel"]
[Black "Cyron, Karel"]
[Result "0-1"]
[WhiteElo "1317"]
[BlackElo "1756"]
[PlyCount "78"]
[EventDate "2018.06.30"]
[EventType "swiss"]
[EventRounds "9"]
[EventCountry "CZE"]
[SourceTitle "EXT 2019"]
[Source "ChessBase"]
[SourceDate "2018.10.10"]
[SourceVersion "1"]
[SourceVersionDate "2018.10.10"]
[SourceQuality "1"]

1. d4 Nf6 2. Nf3 c5 3. c3 b6 4. g3 Bb7 5. Bg2 d6 6. 0-0 g6 7. Nbd2 Bg7 8. Qb3 Qc8 9. dxc5 dxc5 10. Ne5 0-0 11. Ndf3 Nc6 12. Nxc6 Bxc6 13. Rd1 Qb7 14. Bf4 Bd5 15. c4 Bc6 16. Qc2 Be4 17. Qc1 Rfd8 18. Rxd8+ Rxd8 19. Bh6 Bh8 20. Nh4 Bxg2 21. Nxg2 Ng4 22. Bd2 Bd4 23. Ne3 Qd7 24. Nxg4 Qxg4 25. e3 Bg7 26. Bc3 Qxc4 27. Qe1 Bxc3 28. bxc3 Rd3 29. Rd1 e5 30. Rxd3 Qxd3 31. Qc1 Kg7 32. Qa3 a5 33. Qb2 c4 34. Qc1 b5 35. a3 b4 36. axb4 axb4 37. cxb4 c3 38. Kg2 Qd5+ 39. Kg1 Qd2 0-1

[Event "Klatovy op-B 24th"]
[Site "Klatovy"]
[Date "2018.07.03"]
[Round "4"]
[White "Merinsky, Vaclav"]
[Black "Cyron, Karel"]
[Result "1/2-1/2"]
[WhiteElo "1565"]
[BlackElo "1756"]
[PlyCount "100"]
[EventDate "2018.06.30"]
[EventType "swiss"]
[EventRounds "9"]
[EventCountry "CZE"]
[SourceTitle "CBM 185 Extra"]
[Source "ChessBase"]
[SourceDate "2018.07.29"]
[SourceVersion "1"]
[SourceVersionDate "2018.07.29"]
[SourceQuality "1"]

1. e4 Nf6 2. Nc3 d5 3. e5 Nfd7 4. d4 c5 5. dxc5 e6 6. f4 Bxc5 7. Nf3 Nc6 8. Bd2 a6 9. Bd3 Nd4 10. a3 b5 11. b4 Nxf3+ 12. Qxf3 Bd4 13. Rb1 0-0 14. Qh3 f5 15. g4 g6 16. gxf5 exf5 17. Qf3 Bb7 18. Ne2 Ba7 19. c3 Qe7 20. Nd4 Nb6 21. Qg3 Kh8 22. h4 Nc4 23. Bxc4 Bxd4 24. Bb3 Bb6 25. Rh2 d4 26. cxd4 Bxd4 27. Bc3 Bxc3+ 28. Qxc3 Rac8 29. Qb2 Be4 30. Rc1 Rxc1+ 31. Qxc1 Qa7 32. Ke2 Qd4 33. Rh3 Rd8 34. Qc3 Kg7 35. Qxd4 Rxd4 36. Rc3 Kh6 37. Bf7 Kg7 38. Rc7 Kf8 39. Be6 Bh1 40. Rf7+ Ke8 41. Rxh7 Rxf4 42. Bd7+ Kd8 43. e6 Bd5 44. Rh8+ Ke7 45. Rh7+ Kd6 46. h5 gxh5 47. Rxh5 Re4+ 48. Kf2 Bxe6 49. Bxe6 Rxe6 50. Rxf5 Kc6 1/2-1/2

[Event "Klatovy op-B 22nd"]
[Site "Klatovy"]
[Date "2016.07.02"]
[Round "1"]
[White "Rychtecky, Pavel"]
[Black "Cyron, Karel"]
[Result "1/2-1/2"]
[WhiteElo "1546"]
[BlackElo "1802"]
[PlyCount "89"]
[EventDate "2016.07.02"]
[EventType "swiss"]
[EventRounds "9"]
[EventCountry "CZE"]
[SourceTitle "EXT 2019"]
[Source "ChessBase"]
[SourceDate "2018.10.10"]
[SourceVersion "1"]
[SourceVersionDate "2018.10.10"]
[SourceQuality "1"]

1. e4 Nf6 2. e5 Nd5 3. d4 d6 4. Nf3 Bg4 5. Be2 e6 6. 0-0 Be7 7. c4 Nb6 8. b3 0-0 9. Nc3 d5 10. c5 N6d7 11. h3 Bh5 12. Nh2 Bg6 13. f4 c6 14. Be3 b6 15. b4 bxc5 16. dxc5 f6 17. Bd4 fxe5 18. fxe5 Rxf1+ 19. Qxf1 a5 20. a3 Qc7 21. Nf3 Qa7 22. Ra2 Qb7 23. Rb2 Nxc5 24. Nxd5 cxd5 25. bxc5 Qc7 26. Qc1 Nd7 27. Rb5 Rc8 28. Qc3 Bxc5 29. Bxc5 Nxc5 30. Qxa5 Nd3 31. Qxc7 Rxc7 32. Rb8+ Kf7 33. Ng5+ Ke7 34. Bxd3 Bxd3 35. Rb6 Bf5 36. g4 Rc1+ 37. Kf2 Rc2+ 38. Ke1 Bd3 39. Rxe6+ Kf8 40. Rb6 Re2+ 41. Kd1 Rxe5 42. Rb8+ Ke7 43. Kd2 Bg6 44. Nf3 Re4 45. Rb7+ 1/2-1/2

[Event "Klatovy op-B"]
[Site "Klatovy"]
[Date "2013.07.04"]
[Round "6"]
[White "Novotny, P."]
[Black "Cyron, Karel"]
[Result "1/2-1/2"]
[WhiteElo "1640"]
[BlackElo "1805"]
[PlyCount "44"]
[EventDate "2013.06.29"]
[EventType "swiss"]
[EventRounds "9"]
[EventCountry "CZE"]
[SourceTitle "EXT 2014"]
[Source "ChessBase"]
[SourceDate "2013.11.20"]
[SourceVersion "1"]
[SourceVersionDate "2013.11.20"]
[SourceQuality "1"]

1. e4 Nf6 2. e5 Nd5 3. c4 Nb6 4. d4 d6 5. f4 dxe5 6. fxe5 c5 7. d5 e6 8. Nc3 exd5 9. cxd5 c4 10. Nf3 Bb4 11. Bxc4 0-0 12. Bb3 Qc7 13. Bd2 Bg4 14. 0-0 Bxf3 15. Qxf3 Qxe5 16. Rae1 Qd4+ 17. Be3 Qd3 18. Bxb6 Qxf3 19. Rxf3 axb6 20. Ref1 Nd7 21. Ne4 Nc5 22. Nxc5 Bxc5+ 1/2-1/2

[Event "Ostrava Konik op-B"]
[Site "Ostrava"]
[Date "2012.05.02"]
[Round "5"]
[White "Cyron, Karel"]
[Black "Kanakova, Natalie"]
[Result "1/2-1/2"]
[WhiteElo "1838"]
[BlackElo "1614"]
[PlyCount "85"]
[EventDate "2012.04.28"]
[EventType "swiss"]
[EventRounds "9"]
[EventCountry "CZE"]
[SourceTitle "CBM 148 Extra"]
[Source "ChessBase"]
[SourceDate "2012.06.22"]
[SourceVersion "1"]
[SourceVersionDate "2012.06.22"]
[SourceQuality "1"]

1. e4 c5 2. Nf3 Nc6 3. d4 cxd4 4. Nxd4 g6 5. c4 Bg7 6. Nc2 Nf6 7. Nc3 0-0 8. Be2 d6 9. 0-0 Be6 10. Qd2 Rc8 11. Kh1 Na5 12. b3 b5 13. Nxb5 Nxe4 14. Qe3 Bxa1 15. Nxa1 Nf6 16. Nxa7 Rc5 17. f4 Qb6 18. f5 Bxc4 19. bxc4 Qxa7 20. fxg6 hxg6 21. Bb2 Qd7 22. Nb3 Nxb3 23. axb3 Qe6 24. Qf2 Rf5 25. Bf3 Ne4 26. Qh4 Nf6 27. Re1 Rf4 28. Rxe6 Rxh4 29. Rxe7 Nh5 30. Kg1 Ng7 31. g3 Rh7 32. Bd5 Nf5 33. Re4 Rb8 34. b4 Kf8 35. b5 Ne7 36. Ba3 Rd8 37. Bb7 f6 38. Re6 Ng8 39. Ba6 Rhd7 40. Bb4 Kf7 41. Re1 Ne7 42. Ba5 Ra8 43. Bb4 1/2-1/2

[Event "Ostrava Konik op-A"]
[Site "Ostrava"]
[Date "2011.05.04"]
[Round "5"]
[White "Kubik, Michael"]
[Black "Cyron, Karel"]
[Result "1-0"]
[WhiteElo "1915"]
[BlackElo "1972"]
[PlyCount "53"]
[EventDate "2011.04.30"]
[EventType "swiss"]
[EventRounds "9"]
[EventCountry "CZE"]
[SourceTitle "CBM 142 Extra"]
[Source "ChessBase"]
[SourceDate "2011.06.27"]
[SourceVersion "1"]
[SourceVersionDate "2011.06.27"]
[SourceQuality "1"]

1. e4 e5 2. Nf3 Nc6 3. Bb5 a6 4. Ba4 Nf6 5. 0-0 Be7 6. Re1 b5 7. Bb3 d6 8. c3 0-0 9. h3 Na5 10. Bc2 c5 11. d4 cxd4 12. cxd4 Qc7 13. d5 Bd7 14. Nbd2 Rfc8 15. Bb1 Nc4 16. b3 Nb6 17. Nf1 Qc3 18. Qe2 b4 19. Bb2 Bb5 20. Bxc3 Bxe2 21. Bxb4 Bb5 22. a4 Be8 23. Ne3 g6 24. Nxe5 a5 25. Ba3 Rc7 26. N5c4 Nc8 27. e5 1-0

[Event "Ostrava Konik op-A"]
[Site "Ostrava"]
[Date "2011.04.30"]
[Round "1"]
[White "Zakharchenko, Arnold"]
[Black "Cyron, Karel"]
[Result "1-0"]
[WhiteElo "2205"]
[BlackElo "1972"]
[PlyCount "71"]
[EventDate "2011.04.30"]
[EventType "swiss"]
[EventRounds "9"]
[EventCountry "CZE"]
[SourceTitle "CBM 142 Extra"]
[Source "ChessBase"]
[SourceDate "2011.06.27"]
[SourceVersion "1"]
[SourceVersionDate "2011.06.27"]
[SourceQuality "1"]

1. d4 d5 2. c4 e6 3. Nc3 c5 4. cxd5 exd5 5. Nf3 Nf6 6. g3 Nc6 7. Bg2 Be7 8. 0-0 0-0 9. dxc5 Bxc5 10. Na4 Be7 11. Be3 b6 12. Rc1 Bb7 13. Nd4 Nxd4 14. Bxd4 Qd7 15. Qb3 Rac8 16. Nc3 Ne4 17. Rcd1 Nxc3 18. Bxc3 Rfd8 19. Rd2 Qe6 20. Rfd1 h6 21. Bxd5 Bxd5 22. Rxd5 Rxd5 23. Rxd5 Bc5 24. Re5 Qh3 25. Qd5 Qg4 26. Qe4 Qd7 27. Rd5 Qh3 28. Qd3 Re8 29. Rd8 Rxd8 30. Qxd8+ Kh7 31. b4 Bxf2+ 32. Kxf2 Qxh2+ 33. Kf3 Qh1+ 34. Ke3 Qg1+ 35. Kd2 Qxg3 36. Qd3+ 1-0

[Event "Ostrava op"]
[Site "Ostrava"]
[Date "2010.05.03"]
[Round "3"]
[White "Cyron, Karel"]
[Black "Stracanek, Vladimir"]
[Result "1-0"]
[WhiteElo "1840"]
[BlackElo "1930"]
[PlyCount "105"]
[EventDate "2010.05.01"]
[EventType "swiss"]
[EventRounds "9"]
[EventCountry "CZE"]
[SourceTitle "EXT 2011"]
[Source "ChessBase"]
[SourceDate "2010.11.26"]
[SourceVersion "1"]
[SourceVersionDate "2010.11.26"]
[SourceQuality "1"]

1. e4 e5 2. Nf3 Nc6 3. Bb5 a6 4. Ba4 Nf6 5. d4 b5 6. Bb3 Bd6 7. 0-0 0-0 8. dxe5 Nxe5 9. Nxe5 Bxe5 10. f4 Bd6 11. e5 Bc5+ 12. Kh1 Ne8 13. Qd5 Bb6 14. Qxa8 c6 15. c4 Qc7 16. cxb5 Bb7 17. Qxb7 Qxb7 18. bxa6 Qxa6 19. Nd2 d5 20. a4 Qe2 21. Bd1 Qa6 22. Ra3 Nc7 23. b4 Ne6 24. b5 cxb5 25. Be2 Nd4 26. axb5 Qc8 27. Bd3 Qg4 28. Nf3 Nf5 29. Be2 Ng3+ 30. hxg3 Qh5+ 31. Nh4 Qxe2 32. Raf3 Ra8 33. Kh2 h6 34. Rh1 Ra2 35. Rff1 g6 36. Kh3 Bf2 37. b6 Qb5 38. f5 g5 39. Nf3 Qxb6 40. Bd2 Bc5 41. Kg4 Ra4+ 42. Kh5 Kh7 43. Nxg5+ hxg5 44. Kxg5+ Kg8 45. Rh6 Be3+ 46. Rf4 Bxf4+ 47. Bxf4 Qxh6+ 48. Kxh6 Rxf4 49. gxf4 d4 50. e6 fxe6 51. fxe6 d3 52. Kg6 d2 53. e7 1-0

[Event "Ostrava op"]
[Site "Ostrava"]
[Date "2009.05.08"]
[Round "7"]
[White "Cyron, Karel"]
[Black "Kasa, Martin"]
[Result "1-0"]
[WhiteElo "1860"]
[BlackElo "1730"]
[PlyCount "89"]
[EventDate "2009.05.02"]
[EventType "swiss"]
[EventRounds "9"]
[EventCountry "CZE"]
[SourceTitle "EXT 2011"]
[Source "ChessBase"]
[SourceDate "2010.11.26"]
[SourceVersion "1"]
[SourceVersionDate "2010.11.26"]
[SourceQuality "1"]

1. e4 c5 2. Nf3 d6 3. d4 cxd4 4. Nxd4 Nf6 5. Nc3 a6 6. a4 e6 7. Be2 Be7 8. 0-0 0-0 9. Kh1 b6 10. f4 Qc7 11. f5 e5 12. Nb3 Bb7 13. Bf3 Nbd7 14. Be3 Nc5 15. Nxc5 dxc5 16. Qe2 Rfd8 17. Rad1 Rxd1 18. Rxd1 Rd8 19. g4 Rxd1+ 20. Qxd1 Qd6 21. Qxd6 Bxd6 22. g5 Nd7 23. h4 f6 24. Kg2 Bc6 25. Be2 a5 26. Kf3 Kf8 27. Bc4 Ke7 28. b3 Bb7 29. Bg8 Nf8 30. Nd5+ Bxd5 31. exd5 fxg5 32. hxg5 Kd7 33. Ke4 Bc7 34. c4 Bd6 35. Be6+ Ke8 36. Kf3 g6 37. f6 Kd8 38. Ke4 Bc7 39. Bf2 Bd6 40. Bg3 Nd7 41. Bxd7 Kxd7 42. Bxe5 Bf8 43. Bg3 Kd8 44. d6 Kd7 45. Kd5 1-0

[Event "Ostrava op"]
[Site "Ostrava"]
[Date "2009.05.06"]
[Round "5"]
[White "Cyron, Karel"]
[Black "Hlubina, Pavel"]
[Result "1/2-1/2"]
[WhiteElo "1860"]
[BlackElo "1965"]
[PlyCount "31"]
[EventDate "2009.05.02"]
[EventType "swiss"]
[EventRounds "9"]
[EventCountry "CZE"]
[SourceTitle "EXT 2011"]
[Source "ChessBase"]
[SourceDate "2010.11.26"]
[SourceVersion "1"]
[SourceVersionDate "2010.11.26"]
[SourceQuality "1"]

1. e4 c5 2. Nf3 Nc6 3. d4 cxd4 4. Nxd4 e5 5. Nb5 d6 6. N1c3 a6 7. Na3 Nf6 8. Bg5 Be7 9. Bxf6 Bxf6 10. Nd5 Bg5 11. c3 0-0 12. Nc4 b5 13. Ncb6 Rb8 14. Nxc8 Rxc8 15. Be2 Be7 16. Nxe7+ 1/2-1/2

[Event "Ostrava Konik op-B"]
[Site "Ostrava"]
[Date "2007.05.??"]
[Round "5"]
[White "Cyron, Karel"]
[Black "Dobias, Petr"]
[Result "1-0"]
[WhiteElo "1885"]
[BlackElo "1805"]
[PlyCount "94"]
[EventDate "2007.05.??"]
[EventType "swiss"]
[EventRounds "9"]
[EventCountry "CZE"]
[SourceTitle "EXT 2010"]
[Source "ChessBase"]
[SourceDate "2010.11.25"]
[SourceVersion "1"]
[SourceVersionDate "2010.11.25"]
[SourceQuality "1"]

1. e4 g6 2. d4 Bg7 3. f4 d6 4. Nf3 Nf6 5. Nc3 0-0 6. Be3 Nc6 7. Qd2 Bg4 8. Be2 Bxf3 9. Bxf3 e5 10. fxe5 dxe5 11. d5 Nb8 12. 0-0-0 a6 13. h4 h5 14. Bg5 Qd6 15. Rdg1 Nbd7 16. g4 hxg4 17. Bxg4 Nxg4 18. Rxg4 Nf6 19. Bxf6 Qxf6 20. h5 Qd6 21. Rhg1 Rfe8 22. hxg6 f6 23. Rh4 Kf8 24. Rh7 Re7 25. Qh2 Ke8 26. Rxg7 Rxg7 27. Qh8+ Qf8 28. Rh1 Rxg6 29. Qh3 Qg8 30. Qh5 Ke7 31. d6+ cxd6 32. Nd5+ Kf8 33. Qd1 Rc8 34. Rf1 Kg7 35. Ne7 Qxa2 36. Nxc8 Qa1+ 37. Kd2 Qxb2 38. Nxd6 Rg2+ 39. Ke3 Qc3+ 40. Qd3 Qc5+ 41. Kf3 Rxc2 42. Nf5+ Kg6 43. Ne3 Rh2 44. Rg1+ Kh5 45. Kg3 Rh4 46. Qd1+ Kg5 47. Kf2+ Kh6 1-0

[Event "Ostrava Konik op-B"]
[Site "Ostrava"]
[Date "2007.05.??"]
[Round "7"]
[White "Cyron, Karel"]
[Black "Petrun, Milan"]
[Result "1-0"]
[WhiteElo "1885"]
[BlackElo "1670"]
[PlyCount "93"]
[EventDate "2007.05.??"]
[EventType "swiss"]
[EventRounds "9"]
[EventCountry "CZE"]
[SourceTitle "EXT 2010"]
[Source "ChessBase"]
[SourceDate "2010.11.25"]
[SourceVersion "1"]
[SourceVersionDate "2010.11.25"]
[SourceQuality "1"]

1. e4 c5 2. Nf3 d6 3. d4 cxd4 4. Nxd4 Nf6 5. Nc3 a6 6. a4 e6 7. Be2 Be7 8. 0-0 Nc6 9. Kh1 Bd7 10. f4 Nxd4 11. Qxd4 Bc6 12. Bf3 Qc7 13. Be3 0-0 14. a5 Rac8 15. Qd2 Nd7 16. f5 e5 17. Qf2 Nc5 18. Ra3 Qd8 19. Rd1 b6 20. b4 Nd7 21. axb6 Bb7 22. b5 a5 23. Nd5 Bxd5 24. Rxd5 Rb8 25. Rxa5 Nxb6 26. Bxb6 Rxb6 27. c4 Qc7 28. Be2 Rfb8 29. g4 h6 30. h4 f6 31. Qe3 R6b7 32. Ra6 Kf7 33. Qa3 Rb6 34. Ra4 R6b7 35. Kg2 g6 36. fxg6+ Kxg6 37. h5+ Kh7 38. Qe3 Rg8 39. Kh3 Qd7 40. Ra6 Qc8 41. Rd1 Rg5 42. Kh2 Qb8 43. Rda1 Bd8 44. Ra8 Qc7 45. R1a7 Rg7 46. Rxb7 Qxb7 47. Rxd8 1-0

[Event "Ostrava Konik op-B"]
[Site "Ostrava"]
[Date "2007.05.??"]
[Round "6"]
[White "Tyn, Ondrej"]
[Black "Cyron, Karel"]
[Result "1/2-1/2"]
[WhiteElo "1770"]
[BlackElo "1885"]
[PlyCount "38"]
[EventDate "2007.05.??"]
[EventType "swiss"]
[EventRounds "9"]
[EventCountry "CZE"]
[SourceTitle "EXT 2010"]
[Source "ChessBase"]
[SourceDate "2010.11.25"]
[SourceVersion "1"]
[SourceVersionDate "2010.11.25"]
[SourceQuality "1"]

1. d4 Nf6 2. c4 g6 3. Nc3 d5 4. Nf3 Bg7 5. e3 0-0 6. Bd3 Nc6 7. 0-0 Re8 8. Qb3 dxc4 9. Bxc4 e6 10. Qc2 a6 11. a4 Nb4 12. Qb3 a5 13. Bd2 c6 14. Rac1 Qe7 15. e4 Nd7 16. Be3 b6 17. Nd2 Bb7 18. f4 Rad8 19. Nf3 Kf8 1/2-1/2